|
|
|
|
| LEADER |
00000nam0a2200000 4500 |
| 001 |
359422 |
| 005 |
20231102011204.0 |
| 010 |
|
|
|b 1250 экз.
|
| 035 |
|
|
|a (RuTPU)RU\TPU\retro\16701
|
| 035 |
|
|
|a RU\TPU\retro\16700
|
| 090 |
|
|
|a 359422
|
| 100 |
|
|
|a 20201020d1936 km y0rusy50 ca
|
| 101 |
0 |
|
|a rus
|
| 102 |
|
|
|a RU
|
| 105 |
|
|
|a a z 000zy
|
| 200 |
1 |
|
|a Титаномагнетитовые месторождения Урала
|e [сборник научных статей]
|f Под ред. П. И. Лебедева
|g Академия наук СССР
|
| 210 |
|
|
|a Ленинград
|a Москва
|c Изд-во АН СССР
|d 1936
|
| 215 |
|
|
|a 176 с.
|c ил.,
|
| 225 |
1 |
|
|a Труды совета по изучению природных ресурсов (СОПС) и Ломоносовский институт
|v Часть 2
|
| 225 |
1 |
|
|a Серия Уральская
|v Вып. 2
|
| 606 |
1 |
|
|a Геология
|y Урал
|2 stltpush
|3 (RuTPU)RU\TPU\subj\69966
|9 84574
|
| 606 |
1 |
|
|a Железорудные месторождения
|y Урал
|2 stltpush
|3 (RuTPU)RU\TPU\subj\76806
|9 87625
|
| 610 |
1 |
|
|a южноуральские группы
|
| 610 |
1 |
|
|a титаномагнетиты
|
| 610 |
1 |
|
|a габброидная магма
|
| 610 |
1 |
|
|a пегматиты
|
| 610 |
1 |
|
|a иностранные месторождения
|
| 610 |
1 |
|
|a ванадийсодержащее сырье
|
| 610 |
1 |
|
|a распространение
|
| 610 |
1 |
|
|a химический состав
|
| 702 |
|
1 |
|a Лебедев
|b П. И.
|4 340
|
| 712 |
0 |
2 |
|a Академия наук СССР
|b Совет по изучению природных ресурсов (СОПС)
|c (Ленинград/Москва)
|c (1925-1991)
|2 stltpush
|3 (RuTPU)RU\TPU\col\722
|
| 801 |
|
1 |
|a RU
|b 63413507
|c 20180418
|
| 801 |
|
2 |
|a RU
|b 63413507
|c 20201013
|g RCR
|
| 801 |
|
2 |
|a RU
|b 63413507
|c 20201026
|g RCR
|
| 942 |
|
|
|c BK
|